Active Separatist Movements in Russia - Statistics

General Stats
  • This quiz has been taken 44 times
  • The average score is 7 of 12
Answer Stats
Picture Answer % Correct
Chechnya (Ichkeria)
92%
Karelia
83%
Ingushetia
72%
Tatarstan
69%
Kalmykia
64%
Bashkortostan
53%
Circassia
53%
Chuvashia (Volga Bulgaria)
47%
Idel-Ural
36%
Ingria (Leningrad)
36%
Köningsberg (Kaliningrad)
31%
Mari El
31%
No matching quizzes found
Score Distribution
Percent of People with Each Score
Percentile by Number Answered
Your Score History
You have not taken this quiz